[Event "4NCL Division Three West"]
[Site "Daventry, ENG"]
[Date "2022.10.23"]
[Round "2.31"]
[White "Coates, David H"]
[Black "Southcott-Moyers, Indy"]
[Result "0-1"]
[WhiteElo "2019"]
[BlackElo "2147"]
[PlyCount "121"]
[EventDate "2022.10.23"]
[WhiteTeam "Ashfield 1"]
[BlackTeam "West is Best 2"]

1. d4 d5 2. c4 c6 3. Nf3 Nf6 4. Nc3 dxc4 5. a4 Bf5 6. Ne5 Nbd7 7. Nxc4 Qc7 8.
g3 e5 9. dxe5 Nxe5 10. Bf4 Rd8 11. Qc1 Bd6 12. Nxd6+ Qxd6 13. Bg2 O-O 14. O-O
Qe7 15. Qe3 Ng6 16. Qxe7 Nxe7 17. Be3 a6 18. Bg5 h6 19. Bxf6 gxf6 20. e4 Be6
21. b4 Nc8 22. Rfd1 Nb6 23. b5 Rxd1+ 24. Rxd1 axb5 25. axb5 Rc8 26. bxc6 bxc6
27. f4 Kf8 28. Rb1 Nd7 29. Bf1 f5 30. Bg2 fxe4 31. Nxe4 Bf5 32. Rc1 Bxe4 33.
Bxe4 Nb8 34. Kf2 c5 35. Ke3 Rc7 36. f5 Nd7 37. Kf4 c4 38. g4 f6 39. h4 c3 40.
Ke3 Ne5 41. Kd4 Nxg4 42. Rxc3 Rxc3 43. Kxc3 Ke7 44. Kd4 Kd6 45. Bf3 Ne5 46. Bd1
Nc6+ 47. Ke4 Kc5 48. h5 Ne5 49. Be2 Nc4 50. Bd1 Nd6+ 51. Kf4 Kd4 52. Bb3 Ne4
53. Bf7 Nc3 54. Bg6 Nd5+ 55. Kf3 Ke5 56. Bh7 Ne7 57. Kg4 Ke4 58. Bg6 Nd5 59.
Bh7 Ne3+ 60. Kg3 Ke5 61. Kf3 0-1

[Event "4NCL Division Three West"]
[Site "Daventry, ENG"]
[Date "2022.10.23"]
[Round "2.32"]
[White "Bullen, Alex"]
[Black "Mossong, Hubert"]
[Result "1-0"]
[WhiteElo "2099"]
[BlackElo "2070"]
[PlyCount "139"]
[EventDate "2022.10.23"]
[WhiteTeam "West is Best 2"]
[BlackTeam "Ashfield 1"]

1. d4 d6 2. e4 Nf6 3. Nc3 c6 4. f4 Qa5 5. Bd3 e5 6. Nf3 Bg4 7. Be3 Nbd7 8. O-O
Be7 9. h3 Bh5 10. Qd2 Bxf3 11. Rxf3 Rd8 12. Qf2 b5 13. Ne2 c5 14. c3 O-O 15.
fxe5 dxe5 16. d5 c4 17. Bc2 b4 18. Qe1 Rb8 19. b3 bxc3 20. Nxc3 Rfc8 21. Na4
Bb4 22. Qh4 cxb3 23. Bxb3 Bd2 24. Bxd2 Qxd2 25. Rd1 Rc1 26. Rxc1 Qxc1+ 27. Kh2
Rc8 28. Qf2 Nxe4 29. Qxa7 Nef6 30. d6 e4 31. Bxf7+ Kh8 32. Re3 Qd2 33. Qa6 Rf8
34. Re2 Qd4 35. Bb3 Nh5 36. Qb5 Qxd6+ 37. Kg1 Ng3 38. Re1 Qd2 39. Rd1 Qf2+ 40.
Kh2 Nf6 41. Qc5 Qxc5 42. Nxc5 Nfh5 43. Ne6 Re8 44. Rd8 Rxd8 45. Nxd8 e3 46. Kg1
Nf4 47. Bc4 g6 48. Ne6 Nxe6 49. Bxe6 Ne2+ 50. Kf1 Nc3 51. Bb3 Kg7 52. a4 Kf6
53. a5 Ke5 54. a6 Nb5 55. Bc4 Na7 56. Ke2 Kf4 57. Be6 Nb5 58. Bc4 Na7 59. Kd3
Nc6 60. Bb5 Na7 61. Bd7 g5 62. Be8 Nc8 63. Bh5 Na7 64. Kd4 Kg3 65. Kxe3 Kxg2
66. Bg4 h5 67. Bd7 Kg3 68. Kd4 g4 69. hxg4 hxg4 70. Kc5 1-0

[Event "4NCL Division Three West"]
[Site "Daventry, ENG"]
[Date "2022.10.23"]
[Round "2.33"]
[White "Truman, Richard G"]
[Black "Freeland, Alex"]
[Result "0-1"]
[WhiteElo "2024"]
[BlackElo "2090"]
[PlyCount "118"]
[EventDate "2022.10.23"]
[WhiteTeam "Ashfield 1"]
[BlackTeam "West is Best 2"]

1. d4 e6 2. g3 c5 3. Nf3 Nf6 4. Bg2 Nc6 5. O-O cxd4 6. Nxd4 Qb6 7. Nb3 d5 8.
Be3 Qc7 9. Nc3 a6 10. Bf4 Bd6 11. Bxd6 Qxd6 12. e4 d4 13. Ne2 e5 14. c3 Bg4 15.
cxd4 Bxe2 16. Qxe2 Nxd4 17. Nxd4 Qxd4 18. Rfd1 Qb6 19. Rd2 O-O 20. Rad1 Rad8
21. b3 h6 22. Bf3 Rxd2 23. Qxd2 Rc8 24. h4 Qe6 25. Qe2 a5 26. g4 a4 27. g5 hxg5
28. hxg5 Nh7 29. Bg4 Rf8 30. Qe3 axb3 31. axb3 Qg6 32. Rd5 f6 33. Be6+ Kh8 34.
Bf5 Qxg5+ 35. Qxg5 Nxg5 36. Rd7 Nf3+ 37. Kh1 Nd4 38. Rxb7 Nxf5 39. exf5 Rd8 40.
Rb4 Kh7 41. Rh4+ Kg8 42. b4 Kf7 43. b5 Rd1+ 44. Kg2 Rb1 45. Rc4 Rxb5 46. Rc7+
Kg8 47. Rc4 Rd5 48. f4 Rd4 49. Rxd4 exd4 50. Kf3 Kh7 51. Ke4 Kh6 52. Kxd4 Kh5
53. Ke3 Kh4 54. Kf3 Kh3 55. Ke3 Kg3 56. Ke4 Kf2 57. Kd5 Kf3 58. Kd6 Kxf4 59.
Ke6 Ke4 0-1

[Event "4NCL Division Three West"]
[Site "Daventry, ENG"]
[Date "2022.10.23"]
[Round "2.34"]
[White "Homer, Stephen J"]
[Black "Somton, Anita"]
[Result "1/2-1/2"]
[WhiteElo "2026"]
[BlackElo "2043"]
[PlyCount "58"]
[EventDate "2022.10.23"]
[WhiteTeam "West is Best 2"]
[BlackTeam "Ashfield 1"]

1. e4 d5 2. exd5 Qxd5 3. Nc3 Qd6 4. d4 Nf6 5. Nf3 c6 6. g3 Bg4 7. Bg2 e6 8. h3
Bxf3 9. Bxf3 Nbd7 10. Bf4 Qb4 11. Qd3 Nb6 12. a3 Qe7 13. O-O Rd8 14. b4 Qd7 15.
Rfd1 Be7 16. Be5 O-O 17. Kg2 Nfd5 18. Be4 Nxc3 19. Qxc3 Bd6 20. Bxd6 Qxd6 21.
Qd3 h6 22. c4 Qe7 23. Qe2 Rd7 24. Rd2 Rfd8 25. Rad1 Qf6 26. c5 Nd5 27. Bxd5
Rxd5 28. Qe3 R8d7 29. h4 Qd8 1/2-1/2

[Event "4NCL Division Three West"]
[Site "Daventry, ENG"]
[Date "2022.10.23"]
[Round "2.35"]
[White "Naylor, Michael A"]
[Black "Taylor, William J"]
[Result "0-1"]
[WhiteElo "1942"]
[BlackElo "2050"]
[PlyCount "80"]
[EventDate "2022.10.23"]
[WhiteTeam "Ashfield 1"]
[BlackTeam "West is Best 2"]

1. e4 e5 2. Nf3 Nf6 3. Nxe5 d6 4. Nf3 Nxe4 5. Nc3 Nxc3 6. dxc3 Be7 7. Be3 O-O
8. Qd2 Nd7 9. O-O-O Nf6 10. Bd3 c5 11. h3 Be6 12. Kb1 Qa5 13. c4 Qxd2 14. Bxd2
Bd7 15. Nh4 d5 16. Bc3 d4 17. Bd2 g6 18. Rhe1 Rfe8 19. Bg5 Nd5 20. Bxe7 Nxe7
21. Re5 b6 22. Be4 Nc6 23. Bxc6 Bxc6 24. Rde1 Kf8 25. f3 f6 26. Rxe8+ Rxe8 27.
Rxe8+ Kxe8 28. Kc1 Ke7 29. Kd2 Ke6 30. g4 g5 31. Ng2 Bxf3 32. Ne1 Be4 33. Ke2
Ke5 34. a3 Kf4 35. Kf2 a6 36. b4 a5 37. b5 a4 38. Ke2 Kg3 39. Nd3 Bxd3+ 40.
cxd3 Kxh3 0-1

[Event "4NCL Division Three West"]
[Site "Daventry, ENG"]
[Date "2022.10.23"]
[Round "2.36"]
[White "Jukes, Sam"]
[Black "Ukken, Somton"]
[Result "0-1"]
[WhiteElo "1975"]
[BlackElo "1983"]
[PlyCount "89"]
[EventDate "2022.10.23"]
[WhiteTeam "West is Best 2"]
[BlackTeam "Ashfield 1"]

1. e4 Nc6 2. Nf3 f5 3. exf5 Nf6 4. d4 d5 5. Bb5 Bxf5 6. Ne5 Bd7 7. Bxc6 Bxc6 8.
O-O g6 9. Qd3 Bg7 10. b4 Bd7 11. Nd2 O-O 12. Nxd7 Nxd7 13. Nf3 e5 14. dxe5 Nxe5
15. Nxe5 Bxe5 16. Rb1 c6 17. Qe3 Qf6 18. Qg5 Qd6 19. f4 Bd4+ 20. Kh1 Rf5 21.
Qg3 Raf8 22. Qd3 Be5 23. Be3 Qf6 24. g4 Rxf4 25. Bxf4 Bxf4 26. c4 Rd8 27. Rbe1
g5 28. Rf3 dxc4 29. Qxc4+ Kg7 30. Qe4 Rd7 31. Rd3 Rf7 32. Red1 Qh6 33. Qg2 Qe6
34. Qb2+ Kg6 35. Qd4 Qxa2 36. Qe4+ Kg7 37. Rh3 h6 38. Qd4+ Kg6 39. Qd8 Qe2 40.
Qg8+ Rg7 41. Rxh6+ Kxh6 42. Qh8+ Kg6 43. Qh5+ Kf6 44. Rg1 Qe4+ 45. Rg2 0-1

[Event "4NCL Division Three West"]
[Site "Daventry, ENG"]
[Date "2022.10.23"]
[Round "2.51"]
[White "Chauhan, Pranay"]
[Black "Edwards-Wright, Miles D"]
[Result "0-1"]
[WhiteElo "2058"]
[BlackElo "2038"]
[PlyCount "64"]
[EventDate "2022.10.23"]
[WhiteTeam "Barnet Knights B"]
[BlackTeam "Chessable White Rose 3"]

1. Nf3 b6 2. g3 Bb7 3. Bg2 g6 4. O-O Bg7 5. c4 c5 6. Nc3 e6 7. e3 Ne7 8. d4 O-O
9. b3 d5 10. cxd5 Nxd5 11. Nxd5 Bxd5 12. Bb2 Nc6 13. Qd2 cxd4 14. exd4 Rc8 15.
Rfd1 Qf6 16. Ne5 Bxg2 17. Kxg2 Nxe5 18. dxe5 Qf5 19. Qe3 Rc2 20. Ba3 Rfc8 21.
Bd6 R8c3 22. Qe1 Qf3+ 23. Kg1 Re2 24. Qxe2 Qxe2 25. Bb4 Rd3 26. Re1 Qg4 27. Bd6
Bf8 28. Bb8 Bc5 29. Rac1 Rxg3+ 30. hxg3 Qxg3+ 31. Kh1 Bxf2 32. Re3 Bxe3 0-1

[Event "4NCL Division Three West"]
[Site "Daventry, ENG"]
[Date "2022.10.23"]
[Round "2.52"]
[White "Clarke, Connor"]
[Black "Borces, Randolf Catan"]
[Result "1/2-1/2"]
[WhiteElo "2095"]
[BlackElo "2019"]
[PlyCount "63"]
[EventDate "2022.10.23"]
[WhiteTeam "Chessable White Rose 3"]
[BlackTeam "Barnet Knights B"]

1. d4 Nf6 2. Nc3 d5 3. Bf4 g6 4. e3 Bg7 5. h4 h5 6. Nf3 Bg4 7. Qd2 Bxf3 8. gxf3
e6 9. O-O-O c6 10. e4 a6 11. Bh3 Nbd7 12. Qd3 Qe7 13. Bg5 Bh6 14. Bxh6 Rxh6 15.
Rhe1 O-O-O 16. Qe3 Rhh8 17. Qf4 Nb6 18. Kb1 Nfd7 19. exd5 cxd5 20. Rd3 Nb8 21.
Nd1 Rhf8 22. Rc3+ Nc6 23. Bf1 Qd6 24. Qd2 Kb8 25. Ne3 Rc8 26. Rb3 Ka7 27. Rd1
Rfd8 28. Ra3 Rc7 29. Rb3 Rcc8 30. Ra3 Rd7 31. Rb3 Rdd8 32. Ra3 1/2-1/2

[Event "4NCL Division Three West"]
[Site "Daventry, ENG"]
[Date "2022.10.23"]
[Round "2.53"]
[White "Dasgupta, Avyukt"]
[Black "Wills, Tom"]
[Result "1/2-1/2"]
[WhiteElo "1896"]
[BlackElo "2043"]
[PlyCount "100"]
[EventDate "2022.10.23"]
[WhiteTeam "Barnet Knights B"]
[BlackTeam "Chessable White Rose 3"]

1. d4 d5 2. Bf4 c5 3. e3 Nc6 4. c3 Bf5 5. Qb3 Qd7 6. Nf3 e6 7. dxc5 Bxc5 8. Ne5
Qc8 9. Bd3 f6 10. Nxc6 Bxd3 11. Na5 Bb6 12. Qa4+ Kf7 13. Nb3 e5 14. Bg3 Ne7 15.
N1d2 Rd8 16. Nf3 e4 17. Nfd4 Qg4 18. Nc1 Bxd4 19. Qxd4 Ba6 20. Qd1 Qe6 21. Ne2
Qb6 22. Qd2 Qb5 23. Nd4 Qc5 24. Ne2 Qc4 25. a3 Nc6 26. f4 exf3 27. gxf3 Re8 28.
Kf2 Rad8 29. Rad1 Ne5 30. Bxe5 fxe5 31. Rhe1 Kg8 32. Ng3 Qh4 33. Kg2 Rf8 34.
Qf2 Rf6 35. Rd2 Rdf8 36. Rxd5 Bc4 37. Rxe5 Be6 38. f4 Rh6 39. Kg1 Qf6 40. Rd1
Qxe5 41. fxe5 Rxf2 42. Kxf2 Rxh2+ 43. Kf3 Rxb2 44. Ne4 Kf7 45. Ng5+ Ke7 46.
Nxh7 Bf7 47. Rg1 g6 48. Ke4 Rh2 49. Nf6 Ra2 50. Rd1 Be6 1/2-1/2

[Event "4NCL Division Three West"]
[Site "Daventry, ENG"]
[Date "2022.10.23"]
[Round "2.54"]
[White "Burnett, Jim"]
[Black "Kirupakaran, Vishnu"]
[Result "1-0"]
[WhiteElo "2084"]
[BlackElo "1950"]
[PlyCount "165"]
[EventDate "2022.10.23"]
[WhiteTeam "Chessable White Rose 3"]
[BlackTeam "Barnet Knights B"]

1. d4 d5 2. c4 c6 3. Nf3 Nf6 4. e3 e6 5. Nbd2 Nbd7 6. b3 Bd6 7. Bb2 Qe7 8. Be2
O-O 9. O-O Ne4 10. Qc2 f5 11. Ne5 Nxd2 12. Qxd2 g5 13. Nxd7 Bxd7 14. f4 g4 15.
Bc3 Rf6 16. a3 Rh6 17. g3 Rg6 18. Bb4 h5 19. Bxd6 Qxd6 20. Qb4 Qc7 21. a4 Kf7
22. Rf2 Rh8 23. c5 h4 24. Rg2 Rgh6 25. Kf2 Bc8 26. Qc3 Qd8 27. Rb1 R8h7 28. b4
Qh8 29. b5 hxg3+ 30. hxg3 Rh2 31. Rbg1 R7h3 32. Ke1 Bd7 33. Bf1 Rxg2 34. Rxg2
Rh1 35. Kf2 cxb5 36. axb5 Qe8 37. Qb4 a6 38. c6 Bxc6 39. bxc6 Qxc6 40. Qb2 a5
41. Rg1 Rh2+ 42. Bg2 b5 43. Rc1 Qb7 44. Qc3 b4 45. Qc7+ Qxc7 46. Rxc7+ Kf6 47.
Ra7 Rh8 48. Rxa5 Rc8 49. Rb5 Rc2+ 50. Kg1 Rb2 51. Bf1 Rb1 52. Kf2 Rb2+ 53. Be2
b3 54. Ke1 Rb1+ 55. Bd1 Rb2 56. Rxb3 Rg2 57. Be2 Rxg3 58. Kf2 Rh3 59. Bf1 Rf3+
60. Kg1 g3 61. Be2 Rf2 62. Rb2 Rh2 63. Rc2 Ke7 64. Bd3 Rh8 65. Kg2 Rg8 66. Kf3
Kf6 67. Rg2 Rc8 68. Rxg3 Rh8 69. Bf1 Rh1 70. Kf2 Rh2+ 71. Bg2 Rh8 72. Rh3 Rg8
73. Rh7 Rd8 74. Bf3 Kg6 75. Re7 Kf6 76. Rc7 Kg6 77. Be2 Ra8 78. Rc6 Kf6 79. Ba6
Rh8 80. Bc8 Rh2+ 81. Kg3 Re2 82. Rxe6+ Kf7 83. Re5 1-0

[Event "4NCL Division Three West"]
[Site "Daventry, ENG"]
[Date "2022.10.23"]
[Round "2.55"]
[White "Robinson, James"]
[Black "Flint, Martina"]
[Result "0-1"]
[WhiteElo "1906"]
[BlackElo "1828"]
[PlyCount "88"]
[EventDate "2022.10.23"]
[WhiteTeam "Barnet Knights B"]
[BlackTeam "Chessable White Rose 3"]

1. d4 g6 2. e4 Bg7 3. Be3 d6 4. Bd3 c6 5. c3 e5 6. Ne2 Nf6 7. dxe5 dxe5 8. f3
O-O 9. O-O h6 10. Bc4 Qc7 11. Qc1 Kh7 12. Rd1 b5 13. Bb3 c5 14. a4 bxa4 15.
Bxa4 Nbd7 16. c4 Nb6 17. Bb3 Be6 18. Na3 a6 19. Qc2 Ne8 20. Nc3 Nd6 21. Nd5 Qc6
22. Qf2 Nb7 23. Bc2 Nd7 24. b3 Rfe8 25. Nb1 f5 26. Nbc3 f4 27. Bd2 Nb6 28. Ra2
a5 29. Rda1 Ra6 30. Nxb6 Qxb6 31. Nd5 Bxd5 32. cxd5 Bf8 33. Kf1 Bd6 34. Bc3 Rc8
35. Qe2 Ra7 36. Qc4 Qa6 37. Qxa6 Rxa6 38. Bd3 Ra7 39. Bb5 Bc7 40. Ke2 Kg7 41.
Kd3 Kf6 42. Bc6 Nd8 43. Bxa5 Nxc6 44. Bxc7 Nb4+ 0-1

[Event "4NCL Division Three West"]
[Site "Daventry, ENG"]
[Date "2022.10.23"]
[Round "2.56"]
[White "Holroyd-Doveton, Nathaniel"]
[Black "Horan, George"]
[Result "0-1"]
[WhiteElo "1745"]
[BlackElo "1885"]
[PlyCount "78"]
[EventDate "2022.10.23"]
[WhiteTeam "Chessable White Rose 3"]
[BlackTeam "Barnet Knights B"]

1. c4 e5 2. Nc3 Bb4 3. Nd5 Bc5 4. e3 Nc6 5. Ne2 a5 6. g3 d6 7. Bg2 Nf6 8. O-O
Nxd5 9. cxd5 Ne7 10. d4 exd4 11. Nxd4 O-O 12. b3 Bd7 13. Bb2 Qc8 14. Qd3 Bh3
15. Nf3 f6 16. a3 Ng6 17. Bxh3 Qxh3 18. Bd4 Bxd4 19. Nxd4 Ne5 20. Qe2 Rfe8 21.
Rfc1 c6 22. dxc6 bxc6 23. Qf1 Qh5 24. Qg2 c5 25. Nb5 Rab8 26. a4 Red8 27. Rd1
d5 28. Rac1 c4 29. bxc4 dxc4 30. Rxd8+ Rxd8 31. Nd4 Qf7 32. Rb1 Qd7 33. Rb5 c3
34. Qe4 Rc8 35. Qc2 Qh3 36. Rxa5 Ng4 37. Nf3 h5 38. Qf5 Nxf2 39. Qxh3 Nxh3+ 0-1

[Event "4NCL Division Three West"]
[Site "Daventry, ENG"]
[Date "2022.10.23"]
[Round "2.62"]
[White "Mazek, Marek"]
[Black "Pugh, Glyn D"]
[Result "1-0"]
[WhiteElo "2010"]
[BlackElo "1927"]
[PlyCount "43"]
[EventDate "2022.10.23"]
[WhiteTeam "Manchester Manticores"]
[BlackTeam "Shropshire & Friends"]

1. b3 d5 2. Bb2 c5 3. e3 Nc6 4. Nf3 e6 5. d4 Nf6 6. Nbd2 a6 7. c4 Be7 8. Be2
O-O 9. O-O b6 10. a3 Bb7 11. Qc2 Rc8 12. Rad1 Qc7 13. Qb1 Ne4 14. dxc5 Nxd2 15.
Rxd2 dxc4 16. cxb6 Qxb6 17. bxc4 Na5 18. Rd7 Nxc4 19. Bxc4 Bxf3 20. Bd3 Bxg2
21. Bxh7+ Kh8 22. Bxg7+ 1-0

[Event "4NCL Division Three West"]
[Site "Daventry, ENG"]
[Date "2022.10.23"]
[Round "2.63"]
[White "Bryant, Richard B E"]
[Black "Lonsdale, Jon I"]
[Result "1/2-1/2"]
[WhiteElo "1827"]
[BlackElo "1896"]
[PlyCount "48"]
[EventDate "2022.10.23"]
[WhiteTeam "Shropshire & Friends"]
[BlackTeam "Manchester Manticores"]

1. e4 c5 2. Nc3 Nc6 3. f4 e6 4. Nf3 d5 5. Bb5 Nge7 6. Qe2 f6 7. exd5 exd5 8.
Bxc6+ bxc6 9. O-O Kf7 10. d3 Nf5 11. Qf2 Be6 12. g4 Nd4 13. f5 Nxf3+ 14. Qxf3
Bc8 15. g5 Be7 16. gxf6 Bxf6 17. Ne2 Re8 18. Qh5+ Kg8 19. Bf4 Qe7 20. Ng3 Qf7
21. Qf3 Bxb2 22. Rab1 Bd4+ 23. Kh1 Bxf5 24. Ne2 Bf6 1/2-1/2

[Event "4NCL Division Three West"]
[Site "Daventry, ENG"]
[Date "2022.10.23"]
[Round "2.64"]
[White "Potter, Steven"]
[Black "Slegg, Gary"]
[Result "1/2-1/2"]
[WhiteElo "1884"]
[BlackElo "1807"]
[PlyCount "49"]
[EventDate "2022.10.23"]
[WhiteTeam "Manchester Manticores"]
[BlackTeam "Shropshire & Friends"]

1. d4 Nf6 2. Bg5 d5 3. Bxf6 exf6 4. e3 Be6 5. Bd3 c5 6. dxc5 Bxc5 7. Ne2 Qb6 8.
O-O Qxb2 9. Nbc3 Qb6 10. Rb1 Qc7 11. Bb5+ Nc6 12. Nf4 O-O 13. Ncxd5 Bxd5 14.
Qxd5 Nb4 15. Qh5 Qe5 16. Qxe5 fxe5 17. Nd3 Nxd3 18. cxd3 Rfd8 19. h4 a6 20. Bc4
Rab8 21. g3 a5 22. Rfc1 b6 23. Kg2 g6 24. Rf1 Kg7 25. e4 1/2-1/2

[Event "4NCL Division Three West"]
[Site "Daventry, ENG"]
[Date "2022.10.23"]
[Round "2.65"]
[White "Sloan, Cecil"]
[Black "Pardoe, David"]
[Result "1-0"]
[WhiteElo "1645"]
[BlackElo "1805"]
[PlyCount "113"]
[EventDate "2022.10.23"]
[WhiteTeam "Shropshire & Friends"]
[BlackTeam "Manchester Manticores"]

1. e4 d5 2. exd5 Qxd5 3. Nc3 Qa5 4. b4 Qxb4 5. Rb1 Qd6 6. Be2 c6 7. Nf3 Bf5 8.
O-O Nf6 9. Rxb7 Nbd7 10. Rb1 e6 11. d4 Be7 12. Bd3 Bg4 13. Be2 Bd8 14. Be3 Bc7
15. g3 h5 16. Bf4 e5 17. dxe5 Qxd1 18. Rfxd1 Bxf3 19. Bxf3 Bxe5 20. Bxe5 Nxe5
21. Re1 Nfd7 22. Bxc6 O-O 23. Bxa8 Rxa8 24. Kg2 Rc8 25. Re3 Nc4 26. Re7 Ncb6
27. Nd5 Rxc2 28. Nxb6 Nxb6 29. Rxa7 Nc8 30. Ra8 Kh7 31. Rab8 Nd6 32. R8b2 Rc3
33. Rb3 Rc2 34. R1b2 Rc5 35. a4 g6 36. Ra2 Ra5 37. Rb6 Ne4 38. Rb5 Ra7 39. Ra3
Kg7 40. a5 Nd6 41. Rc5 Ne4 42. Rc6 Nf6 43. a6 Nd5 44. Rb3 Ne7 45. Rd6 Nf5 46.
Rb7 Rxb7 47. axb7 Nxd6 48. b8=Q Nf5 49. h3 Nh6 50. Qe5+ f6 51. Qe7+ Nf7 52. h4
g5 53. Kf3 gxh4 54. gxh4 Kg6 55. Kf4 Nh6 56. Qe8+ Kg7 57. Qxh5 1-0

[Event "4NCL Division Three West"]
[Site "Daventry, ENG"]
[Date "2023.01.14"]
[Round "3.11"]
[White "Shearsby, Jude"]
[Black "Klein, Raimund"]
[Result "1-0"]
[WhiteElo "2077"]
[BlackElo "1976"]
[PlyCount "47"]
[EventDate "2023.01.14"]
[WhiteTeam "Warwickshire Select 2"]
[BlackTeam "Shropshire & Friends"]

1. e4 c6 2. d4 d5 3. e5 Bf5 4. h4 h5 5. Bd3 Bxd3 6. Qxd3 e6 7. Nf3 Nd7 8. Nbd2
Qa5 9. O-O Nh6 10. c4 dxc4 11. Nxc4 Qc7 12. Bg5 Nf5 13. Rac1 Nb6 14. Ne3 g6 15.
d5 exd5 16. Nxf5 gxf5 17. Qxf5 Qd7 18. e6 fxe6 19. Rfe1 Be7 20. Rxe6 Nc8 21.
Rce1 Rf8 22. Qg6+ Kd8 23. Bxe7+ Nxe7 24. Rxe7 1-0

[Event "4NCL Division Three West"]
[Site "Daventry, ENG"]
[Date "2023.01.14"]
[Round "3.12"]
[White "Higgie, Charles L"]
[Black "Pal, Rohan"]
[Result "1/2-1/2"]
[WhiteElo "1902"]
[BlackElo "2026"]
[PlyCount "104"]
[EventDate "2023.01.14"]
[WhiteTeam "Shropshire & Friends"]
[BlackTeam "Warwickshire Select 2"]

1. d4 Nf6 2. c4 e6 3. Nf3 d5 4. Nc3 Be7 5. Bg5 h6 6. Bh4 O-O 7. e3 b6 8. Bxf6
Bxf6 9. cxd5 exd5 10. Be2 Be6 11. O-O c5 12. dxc5 bxc5 13. Qa4 Qb6 14. Qb5 Bxc3
15. bxc3 Nd7 16. Rab1 Rab8 17. Rfd1 Qc7 18. Qa6 Nf6 19. Bd3 Bg4 20. h3 Bxf3 21.
gxf3 Rfe8 22. Rxb8 Rxb8 23. Rb1 Rxb1+ 24. Bxb1 d4 25. exd4 cxd4 26. cxd4 Nd5
27. Be4 Nf4 28. Bf5 g6 29. Qc8+ Qxc8 30. Bxc8 Ne2+ 31. Kg2 Nxd4 32. f4 f5 33.
Ba6 Kf8 34. f3 Ne6 35. Kg3 Ke7 36. h4 Kd6 37. Bd3 Ng7 38. Bc4 Nh5+ 39. Kf2 Nxf4
40. Kg3 Nd5 41. f4 Kc5 42. Bb3 Kd4 43. Kf3 a5 44. Ba4 Kc3 45. Be8 Ne7 46. Bf7
a4 47. Ke3 a3 48. Bb3 Nc8 49. Bf7 Nd6 50. Bxg6 Kb2 51. Kd3 Kxa2 52. Kc2 Ka1
1/2-1/2

[Event "4NCL Division Three West"]
[Site "Daventry, ENG"]
[Date "2023.01.14"]
[Round "3.13"]
[White "Dicen, Elis Denele"]
[Black "Grillage, Andrew"]
[Result "0-1"]
[WhiteElo "1967"]
[BlackElo "1937"]
[PlyCount "170"]
[EventDate "2023.01.14"]
[WhiteTeam "Warwickshire Select 2"]
[BlackTeam "Shropshire & Friends"]

1. d4 Nf6 2. Bg5 e6 3. e4 h6 4. Bxf6 Qxf6 5. Nc3 Bb4 6. Qd2 d6 7. a3 Bxc3 8.
Qxc3 O-O 9. Nf3 c5 10. Qe3 cxd4 11. Nxd4 Bd7 12. O-O-O Rd8 13. Be2 a6 14. g4
Nc6 15. h4 Nxd4 16. Rxd4 e5 17. Rd2 Bc6 18. g5 Qg6 19. Bf3 Rac8 20. Kb1 Rc7 21.
Rg1 h5 22. Re1 Bb5 23. Red1 Rcd7 24. Bg2 Bc4 25. Bf3 Bb5 26. b3 Qh7 27. Bg2 Bc6
28. Bh3 Re7 29. f3 d5 30. exd5 Bd7 31. Bxd7 Rdxd7 32. d6 Re8 33. Kb2 Qf5 34. c4
e4 35. fxe4 Rxe4 36. Qc3 Rxh4 37. Re1 Re4 38. Rxe4 Qxe4 39. c5 h4 40. Qd4 Qe1
41. Kc2 Qg3 42. Qd3 Qxg5 43. b4 Qg6 44. a4 Qxd3+ 45. Kxd3 Kf8 46. Ke4 Ke8 47.
Kf5 Rd8 48. Rh2 Kd7 49. Rxh4 Kc6 50. Ke5 a5 51. bxa5 Kxc5 52. Rh7 Re8+ 53. Kf4
Kxd6 54. Rxg7 Re1 55. Rg5 Ra1 56. Ke3 Rxa4 57. Rb5 f6 58. Rb6+ Ke5 59. Rb5+ Ke6
60. Rb6+ Kf5 61. Rxb7 Rxa5 62. Kf2 Ra3 63. Rb5+ Kg4 64. Rb4+ Kg5 65. Rb5+ f5
66. Rc5 Kg4 67. Rc4+ f4 68. Rc8 Ra2+ 69. Kf1 Kg3 70. Rg8+ Kf3 71. Ke1 Ra1+ 72.
Kd2 Kf2 73. Rf8 f3 74. Rf7 Ra8 75. Rd7 Rg8 76. Rd6 Kf1 77. Rf6 f2 78. Ke3 Re8+
79. Kf3 Ke1 80. Kg2 Rg8+ 81. Kh2 f1=Q 82. Re6+ Qe2+ 83. Rxe2+ Kxe2 84. Kh1 Kf2
85. Kh2 Rh8# 0-1

[Event "4NCL Division Three West"]
[Site "Daventry, ENG"]
[Date "2023.01.14"]
[Round "3.14"]
[White "Taylor, Robert K"]
[Black "Cundy, Mark A"]
[Result "0-1"]
[WhiteElo "1940"]
[BlackElo "1861"]
[PlyCount "118"]
[EventDate "2023.01.14"]
[WhiteTeam "Shropshire & Friends"]
[BlackTeam "Warwickshire Select 2"]

1. e4 c5 2. Nf3 Nc6 3. d4 cxd4 4. Nxd4 Nf6 5. Nc3 e5 6. Ndb5 d6 7. Na3 a6 8.
Nc4 b5 9. Ne3 Be6 10. Bd3 Be7 11. O-O O-O 12. Ncd5 Re8 13. c3 Rb8 14. Kh1 Qd7
15. Bd2 Bd8 16. Bc2 Ng4 17. Nf5 Nf6 18. Qf3 Bxd5 19. exd5 Ne7 20. Nh6+ Kf8 21.
Bxh7 Nexd5 22. Bf5 Qb7 23. Ng4 Nxg4 24. Qxg4 Nf6 25. Qh3 Ke7 26. Rae1 Bc7 27.
Qg3 Rh8 28. h3 Rbg8 29. Bg5 Kf8 30. f3 Bd8 31. Qf2 Rh5 32. Qd2 Be7 33. Bxf6
gxf6 34. Bg4 Rh4 35. Qd3 Rg5 36. Re2 Qc6 37. Rd1 Ke8 38. Bf5 Qc7 39. Re4 Rh8
40. Rg4 Qc5 41. Qe4 Qa7 42. Bc8 Kd8 43. Bb7 Qb6 44. Bd5 f5 45. Rh4 fxe4 46.
Rxh8+ Kc7 47. fxe4 Qf2 48. Rg1 Qxb2 49. Ra8 Kb6 50. a4 Rg3 51. axb5 axb5 52.
Rb8+ Kc7 53. Rb7+ Kd8 54. Rb8+ Kd7 55. Bxf7 Bg5 56. Be8+ Ke7 57. Bxb5 Bf4 58.
Rb7+ Kf6 59. Rh7 Qxb5 0-1

[Event "4NCL Division Three West"]
[Site "Daventry, ENG"]
[Date "2023.01.14"]
[Round "3.15"]
[White "Turner, Simon"]
[Black "Bryant, Richard B E"]
[Result "1-0"]
[WhiteElo "1814"]
[BlackElo "1833"]
[PlyCount "83"]
[EventDate "2023.01.14"]
[WhiteTeam "Warwickshire Select 2"]
[BlackTeam "Shropshire & Friends"]

1. d4 e6 2. c4 Nf6 3. Nc3 Bb4 4. e3 c5 5. a3 cxd4 6. axb4 dxc3 7. bxc3 O-O 8.
Nf3 Nc6 9. Bd3 b6 10. O-O Bb7 11. e4 h6 12. Bf4 d6 13. b5 Na5 14. e5 dxe5 15.
Nxe5 Qc8 16. Rb1 Qc5 17. Qe2 Rad8 18. Bg3 Nd7 19. Rfe1 Nxe5 20. Bxe5 Rxd3 21.
Qxd3 Nxc4 22. Bd4 Qd5 23. Qg3 f6 24. Rbd1 Qf5 25. Be3 Nxe3 26. Rd7 Rf7 27. Rxf7
Kxf7 28. Qc7+ Kg8 29. Qxb7 Ng4 30. Qb8+ Kh7 31. Qg3 Ne5 32. h3 Ng6 33. Ra1 Nf4
34. Kh2 Nh5 35. Qe3 Qd5 36. Rxa7 Qd6+ 37. g3 f5 38. Qd4 Qb8 39. Re7 f4 40. Qe4+
Kh8 41. Qg6 fxg3+ 42. fxg3 1-0

[Event "4NCL Division Three West"]
[Site "Daventry, ENG"]
[Date "2023.01.14"]
[Round "3.16"]
[White "Bailey, Adrian"]
[Black "Vaidyanathan, Adithya"]
[Result "0-1"]
[WhiteElo "1820"]
[BlackElo "1700"]
[PlyCount "98"]
[EventDate "2023.01.14"]
[WhiteTeam "Shropshire & Friends"]
[BlackTeam "Warwickshire Select 2"]

1. Nf3 c5 2. g3 Nc6 3. Bg2 e5 4. d3 f5 5. c4 Nf6 6. Nc3 h6 7. Nh4 Ne7 8. e4
fxe4 9. Nxe4 d6 10. Nxf6+ gxf6 11. Qh5+ Kd7 12. Qf7 Kc7 13. Bd2 Rb8 14. Qxf6
Rg8 15. Bxh6 Bxh6 16. Qxh6 Bd7 17. O-O-O b5 18. Qd2 b4 19. b3 Nc6 20. Bd5 Rf8
21. Rdf1 Nd4 22. Kb1 Bh3 23. Re1 Qf6 24. f3 Be6 25. Bxe6 Nxe6 26. Rhf1 a5 27.
Ng2 a4 28. Ne3 Kd8 29. Nd5 Qf7 30. f4 axb3 31. axb3 Ra8 32. f5 Qa7 33. Qb2 Nd4
34. g4 Nxb3 35. Kc2 Nd4+ 36. Kd2 Qh7 37. Rf2 Qh4 38. Ref1 b3 39. Ke1 Qxg4 40.
Rg2 Qxg2 41. Qxg2 Ra1+ 42. Kf2 Ra2+ 43. Kg1 Rxg2+ 44. Kxg2 Rxf5 45. Rxf5 Nxf5
46. Kf2 Nd4 47. Ke3 Ke8 48. Ke4 Ne2 49. Ke3 b2 0-1

[Event "4NCL Division Three West"]
[Site "Daventry, ENG"]
[Date "2023.01.14"]
[Round "3.21"]
[White "Pitcher, John"]
[Black "Ogunshola, Ben"]
[Result "1/2-1/2"]
[WhiteElo "2204"]
[BlackElo "2140"]
[PlyCount "34"]
[EventDate "2023.01.14"]
[WhiteTeam "Warwickshire Select 1"]
[BlackTeam "Brown Jack"]

1. d4 Nf6 2. Bf4 d6 3. e3 g6 4. Nf3 Bg7 5. h3 O-O 6. Be2 c5 7. c3 b6 8. Nbd2
Bb7 9. O-O Nbd7 10. Bh2 Rc8 11. a4 Ne4 12. Bd3 Nxd2 13. Nxd2 e5 14. Nc4 Qe7 15.
dxe5 Nxe5 16. Bxe5 Bxe5 17. a5 d5 1/2-1/2